000 00320nam a22001457a 4500
008 210609b ||||| |||| 00| 0 eng d
020 _a0812105214
041 _aeng
080 _a61
082 _a61
100 _a3
101 _aSHM
245 _aPulmonary Diagnostic Techniques
_cThomas L. Petty
942 _2udc
_cBK
999 _c58087
_d58087